000 00719nam a22001937a 4500
003 SISC
005 20180723153954.0
008 180723b xxu||||| |||| 00| 0 eng d
020 _a9789719805380
050 _aHV 551.5
_b.L963 2016
100 _aLuna, Emmanuel M.
245 _aProtecting lives, saving communities :
_bdisaster preparedness and risk reduction in Philippine setting for senior high school /
_cEmmanuel M. Luna
260 _aQuezon City :
_bC & E Publishing,
_cc2016.
300 _aix, 182 pages :
_billustrations ;
_c28 cm
500 _aIncludes index and bibliographical references.
650 _2Library of Congress Subject Headings
_aEmergency management
942 _2lcc
_cBK
999 _c358163
_d358163